000 00812nam a2200289Ia 4500
001 A8236
003 IT-RoPAU
008 130308s9999 xx 000 0 und d
040 _aIT-RoPAU
040 _cIT-RoPAU
041 _aITALIANO
100 _aLodi Enzo
100 _gCodice Aut. SPICS: 22255
245 _aAntifonario della liturgia oraria nei tempi forti (L')
245 _bMysterion-Nella celebrazione del mistero di Cristo la Vita della Chiesa
250 _a1a ed.
260 _aTORINO/LEUMANN
260 _bElle Di Ci
260 _c1981 [1° Ed.:1981 - Ed.Ling.Originale:1981]
300 _a"13 p. (prefazione: no ; testo: 13 [pagine: 485-497])"
650 _aSAGGI DI LITURGIA
650 _eCodice materia Spics: 9160
942 _cBK
957 _71
999 _c63532
_d63532
999 _bSI
999 _g1